| 000 | 00541nam a22001937a 4500 | ||
|---|---|---|---|
| 003 | KOHA_MİRAKIL | ||
| 005 | 20241003053918.0 | ||
| 008 | 241002b2018 tu ||||| |||| 00| 0 tur d | ||
| 020 | _a9786051421179 | ||
| 040 |
_aTR-AnABB _btur _cTR-AnABB |
||
| 041 | _atur | ||
| 082 |
_a813.42 _bONG 2018 |
||
| 100 | 1 |
_aOngun, İpek, 1942- _91010 |
|
| 245 | 1 | 0 |
_aSabah pırıltıları / _cİpek Ongun. |
| 260 |
_aİstanbul : _bArtemis Yayınları, _c2018. |
||
| 300 |
_a245 sayfa ; _c21 cm. |
||
| 650 |
_aTürk edebiyatı, roman _94 |
||
| 942 |
_2ddc _cBK |
||
| 999 |
_c7589 _d7589 |
||
| 900 | _bCan Çelik | ||